00730 2200253 4500001002100000005001700021008004100038035002400079090001300103245012300116250001100239260003100250300002500281650004700306850001200353980001500365985000600380999001500386999001500401999001500416999001500431999001500446999001500461YOGYA-0209000000103820090227020414.0 ind  0010-020900000001038 a324bPer aPP RI No. 35 Th. 1985 tentang pelaksanaan pemilu dan PPRI No. 36 Th. 1985 tentang susunan, kedudukan MPR, DPR dan DPRD aCet. 1 aSemarangbAneka Ilmuc1986 aviii, 168 hlmc21 cm aPemilihan Umum - IndonesiaxPemilihan Umum aYOPDYOG a07-04-2005 a6 a98P0114239 a98P0114240 a98P0114241 a97P0102889 a97P0102890 a97P0102891